00598cam a22001937a 45000010009000000050017000090080041000260200015000670400018000820820019001001000019001192450088001382600036002263000013002625000019002759420006002949520089003009990015003891472108620241105024051.0070202s2006 ce a 000 1 eng  a9559981900 aDLCcDLCdDLC 27001a823bTHE1 aFerrey, Ashok.14aThe good little Ceylonese girl :ba collection of short stories /cby Ashok Ferrey. aColombo :bAshok Ferrey,c2006. a233 p. : aShort stories. cL 001040708LaWERCLbWERCLd2024-11-05l0o823 THEp7001r2024-11-05w2024-11-05yL c5931d5931